[Event "TCh-RUS Blitz 2015"]
[Site "Sochi RUS"]
[Date "2015.05.10"]
[Round "9.5"]
[White "Yudin, Sergei"]
[Black "Andreikin, Dmitry"]
[Result "0-1"]
[WhiteTitle "GM"]
[BlackTitle "GM"]
[WhiteElo "2524"]
[BlackElo "2723"]
[WhiteTeam "Polytechnic (Nizhny Tagil)"]
[BlackTeam "University (Belorechensk)"]
[WhiteFideId "4159659"]
[BlackFideId "4158814"]
[EventDate "2015.05.10"]

1. b3 e5 2. Bb2 Nc6 3. e3 g6 4. Nf3 Bg7 5. d4 e4 6. Nfd2 f5 7. c4 d6 8. Nc3 Nf6
9. Be2 O-O 10. O-O g5 11. f3 exf3 12. Bxf3 Ne7 13. Qc2 Ng6 14. Rae1 c6 15. Be2
f4 16. Bd3 fxe3 17. Rxe3 Ng4 18. Rxf8+ Qxf8 19. Nd1 Nxe3 20. Nxe3 Qf4 21. Ndf1
Bd7 22. Bxg6 hxg6 23. Qxg6 Rf8 24. Qc2 Bf5 25. Qd2 Bg6 26. h3 g4 27. hxg4 Bh6
28. Qc3 d5 29. cxd5 cxd5 30. Bc1 Qf2+ 31. Kh1 Be4 0-1

[Event "TCh-RUS Blitz 2015"]
[Site "Sochi RUS"]
[Date "2015.05.10"]
[Round "9.6"]
[White "Jobava, Baadur"]
[Black "Goganov, Aleksey"]
[Result "1-0"]
[WhiteTitle "GM"]
[BlackTitle "GM"]
[WhiteElo "2699"]
[BlackElo "2609"]
[WhiteTeam "University (Belorechensk)"]
[BlackTeam "Polytechnic (Nizhny Tagil)"]
[WhiteFideId "13601520"]
[BlackFideId "24109959"]
[EventDate "2015.05.10"]

1. b3 Nf6 2. Bb2 g6 3. Nc3 Bg7 4. d4 O-O 5. Qd2 c5 6. e3 Qa5 7. O-O-O d5 8. Kb1
cxd4 9. exd4 Nc6 10. f3 Ne8 11. Nge2 Nd6 12. g4 e6 13. h4 b5 14. h5 b4 15. Na4
Nc4 16. bxc4 Qxa4 17. Nf4 dxc4 18. Bxc4 Rd8 19. hxg6 hxg6 20. Qh2 Nxd4 21. Bd5
Rxd5 22. Nxd5 exd5 23. Bxd4 f6 24. g5 Bf5 25. gxf6 Rc8 26. Qh7+ 1-0

[Event "TCh-RUS Blitz 2015"]
[Site "Sochi RUS"]
[Date "2015.05.10"]
[Round "9.7"]
[White "Pogromsky, Mikhail"]
[Black "Alekseev, Evgeny"]
[Result "0-1"]
[WhiteTitle "IM"]
[BlackTitle "GM"]
[WhiteElo "2428"]
[BlackElo "2653"]
[WhiteTeam "Polytechnic (Nizhny Tagil)"]
[BlackTeam "University (Belorechensk)"]
[WhiteFideId "4184688"]
[BlackFideId "4138147"]
[EventDate "2015.05.10"]

1. Nf3 c5 2. c4 Nc6 3. Nc3 g6 4. e3 Nf6 5. d4 cxd4 6. Nxd4 Bg7 7. Be2 O-O 8. O-O
d6 9. b3 Bd7 10. Bb2 a6 11. Qd2 Rb8 12. Rfd1 b5 13. Nxc6 Bxc6 14. cxb5 axb5 15.
b4 Qb6 16. a3 Rfc8 17. Rac1 Nd7 18. Bg4 Qb7 19. Bxd7 Qxd7 20. Nd5 Bxd5 21. Bxg7
Bxg2 22. Kxg2 Kxg7 23. Qd4+ f6 24. h4 Ra8 25. h5 Qf5 26. Rxc8 Rxc8 27. Rh1 Rc4
28. h6+ Kf7 29. Qd1 Qg5+ 30. Kf1 Qe5 31. Kg2 Rc3 32. a4 bxa4 33. Qxa4 Qe4+ 34.
Kh2 Qe5+ 35. Kg2 Qd5+ 36. Kh2 Rc4 37. Rb1 Qg5 38. Qb3 d5 39. f4 Qh4+ 40. Kg2
Qg4+ 41. Kf2 Qf5 42. Rd1 Rc2+ 43. Ke1 e6 44. Qd3 Qxd3 45. Rxd3 Rb2 46. Rc3 g5
47. fxg5 fxg5 48. Rc7+ Kg6 49. Re7 Kxh6 50. Rxe6+ Kh5 51. Rb6 Kg4 52. Rh6 Rxb4
53. Rxh7 Kf3 54. Rh3+ Kg2 55. Rh5 Rg4 56. Ke2 Kg3 57. Rh8 Re4 58. Rd8 Re5 59.
Kd3 g4 60. Kd4 Rh5 61. Rg8 Kh3 62. e4 dxe4 63. Kxe4 Rh7 64. Ke3 g3 65. Ke2 Kh2
66. Rf8 g2 0-1

[Event "TCh-RUS Blitz 2015"]
[Site "Sochi RUS"]
[Date "2015.05.10"]
[Round "9.8"]
[White "Tregubov, Pavel V."]
[Black "Vokarev, Sergey"]
[Result "1/2-1/2"]
[WhiteTitle "GM"]
[BlackTitle "GM"]
[WhiteElo "2571"]
[BlackElo "2456"]
[WhiteTeam "University (Belorechensk)"]
[BlackTeam "Polytechnic (Nizhny Tagil)"]
[WhiteFideId "4115341"]
[BlackFideId "4119711"]
[EventDate "2015.05.10"]

1. d4 Nf6 2. c4 g6 3. g3 c6 4. Bg2 d5 5. Nf3 Bg7 6. O-O O-O 7. Qb3 Qb6 8. Nc3
Bf5 9. cxd5 Qxb3 10. axb3 Nxd5 11. Ne5 Nxc3 12. bxc3 Bxe5 13. dxe5 Nd7 14. f4
Nc5 15. Ra3 Be4 16. Be3 Bxg2 17. Kxg2 Ne4 18. c4 Rfd8 19. Ra2 f5 20. exf6 exf6
21. f5 Kf7 22. fxg6+ hxg6 23. Rfa1 a6 24. Bb6 Rd7 25. Rc2 Re8 26. Re1 f5 27. h4
Nf6 28. Kf3 Rde7 29. Rd1 Ng4 30. Bc5 Ne3 31. Bxe7 Rxe7 32. Rcd2 Nxd1 33. Rxd1
Ke6 34. Kf4 Kf7 35. e3 Re4+ 36. Kf3 Ke7 37. Rh1 b5 38. cxb5 axb5 39. h5 gxh5 40.
Rxh5 Ke6 41. Rh6+ Kd5 42. Rf6 Re5 43. b4 c5 44. bxc5 Kxc5 45. Kf4 Rd5 46. Rf8 b4
47. Rc8+ Kb5 48. e4 fxe4 49. Kxe4 Rd1 50. g4 b3 51. g5 Rg1 52. Kf5 Kb4 53. Ke4 1/2-1/2

[Event "TCh-RUS Blitz 2015"]
[Site "Sochi RUS"]
[Date "2015.05.10"]
[Round "9.10"]
[White "Artemiev, Vladislav"]
[Black "Bukavshin, Ivan"]
[Result "1-0"]
[WhiteTitle "GM"]
[BlackTitle "GM"]
[WhiteElo "2671"]
[BlackElo "2648"]
[WhiteTeam "Rook (Kazan)"]
[BlackTeam "Lada (Samara region)"]
[WhiteFideId "24101605"]
[BlackFideId "4199758"]
[EventDate "2015.05.10"]

1. Nf3 e6 2. c4 d5 3. g3 dxc4 4. Qa4+ c6 5. Qxc4 b5 6. Qc2 Bb7 7. Bg2 Nd7 8. Nc3
a6 9. a4 Rc8 10. O-O Ngf6 11. Rd1 Qb6 12. d4 c5 13. axb5 axb5 14. Be3 Ng4 15.
Qd2 Nxe3 16. Qxe3 cxd4 17. Qxd4 Qxd4 18. Nxd4 Bxg2 19. Kxg2 b4 20. Ncb5 Bc5 21.
Nc6 O-O 22. Rxd7 Rxc6 23. Rc1 Rcc8 24. Rc4 g6 25. b3 Rfe8 26. Rc7 Rxc7 27. Nxc7
Rd8 28. Rxc5 Rd2 29. e3 Rb2 30. Rb5 Rxb3 31. Na6 Ra3 32. Nxb4 Rb3 33. Rb8+ Kg7
34. Nc6 Rc3 35. Ne5 Rc5 36. Nf3 Rc7 37. e4 Rc4 38. e5 Rc5 39. h4 h6 40. Rb7 Rd5
41. Kf1 Ra5 42. Rb3 Rd5 43. Ke2 g5 44. hxg5 hxg5 45. Rb4 f6 46. exf6+ Kxf6 47.
Nd2 Ra5 48. Ke3 Ra3+ 49. Rb3 Ra5 50. g4 Ke5 51. Nc4+ 1-0

[Event "TCh-RUS Blitz 2015"]
[Site "Sochi RUS"]
[Date "2015.05.10"]
[Round "9.11"]
[White "Frolyanov, Dmitry"]
[Black "Timofeev, Artyom"]
[Result "0-1"]
[WhiteTitle "GM"]
[BlackTitle "GM"]
[WhiteElo "2569"]
[BlackElo "2534"]
[WhiteTeam "Lada (Samara region)"]
[BlackTeam "Rook (Kazan)"]
[WhiteFideId "4151976"]
[BlackFideId "4140419"]
[EventDate "2015.05.10"]

1. e4 e6 2. d4 d5 3. Nc3 Nc6 4. e5 f6 5. Nf3 fxe5 6. dxe5 Nh6 7. Bd3 Nf7 8. O-O
Be7 9. Re1 Nb4 10. Bf1 c5 11. Ne2 O-O 12. Ng3 d4 13. a3 Nd5 14. Bd3 Bd7 15. Qe2
Nh8 16. Qe4 Ng6 17. Qg4 Ngf4 18. Be4 g6 19. h4 Kh8 20. Ng5 h5 21. Qd1 Bxg5 22.
hxg5 Qxg5 23. Bf3 Bc6 24. Ne4 Qe7 25. Nd6 Kg7 26. Qd2 h4 27. Ne4 Rh8 28. Nf6
Raf8 29. Nxd5 Nxd5 30. Qg5 Qf7 31. Re4 Qf5 32. Rxh4 Rxh4 33. Qxh4 Rh8 34. Qg5
Qxc2 35. Bxd5 Qd1# 0-1

[Event "TCh-RUS Blitz 2015"]
[Site "Sochi RUS"]
[Date "2015.05.10"]
[Round "9.12"]
[White "Sharafiev, Azat"]
[Black "Predke, Alexandr"]
[Result "1-0"]
[WhiteTitle "IM"]
[WhiteElo "2415"]
[BlackElo "2533"]
[WhiteTeam "Rook (Kazan)"]
[BlackTeam "Lada (Samara region)"]
[WhiteFideId "4186214"]
[BlackFideId "24107581"]
[EventDate "2015.05.10"]

1. Nf3 d5 2. d4 Nf6 3. c4 e6 4. Nc3 Bb4 5. Qb3 c5 6. dxc5 Nc6 7. a3 Bxc5 8. cxd5
Nxd5 9. Nxd5 exd5 10. Qc3 Qb6 11. e3 d4 12. exd4 Nxd4 13. Bc4 O-O 14. O-O Be6
15. Ng5 Bxc4 16. Qxc4 Nb3 17. Rb1 Rac8 18. Qe4 Qg6 19. Qxg6 hxg6 20. Bf4 Rfe8
21. Rfe1 Bd4 22. Rxe8+ Rxe8 23. Kf1 a5 24. Nf3 Bf6 25. Nd2 Nxd2+ 26. Bxd2 a4 27.
Bc3 Bxc3 28. bxc3 Rc8 29. Rc1 Rc6 30. Ke2 Rb6 31. Kd3 Rb3 32. Ra1 Rb2 33. g3 g5
34. h4 gxh4 35. gxh4 Rxf2 36. Rb1 Rf3+ 37. Kd4 Rf4+ 38. Kd5 Rxh4 39. Rxb7 g5 40.
c4 Rh3 41. c5 Rxa3 42. Rb4 Rd3+ 43. Kc4 Rd1 44. c6 Rc1+ 45. Kb5 a3 46. Ra4 Rc3
47. Kb6 Kg7 48. c7 Kg6 49. Rxa3 Rc1 50. Ra5 Rxc7 51. Kxc7 f5 52. Kd6 g4 53. Ke5
Kg5 54. Ra8 g3 55. Rg8+ Kh4 1-0

[Event "TCh-RUS Blitz 2015"]
[Site "Sochi RUS"]
[Date "2015.05.10"]
[Round "9.13"]
[White "Korobov, Anton"]
[Black "Zvjaginsev, Vadim"]
[Result "1/2-1/2"]
[WhiteTitle "GM"]
[BlackTitle "GM"]
[WhiteElo "2708"]
[BlackElo "2660"]
[WhiteTeam "Sibir (Novosibirsk)"]
[BlackTeam "SHSM-Our Heritage-2 (Moscow)"]
[WhiteFideId "14105730"]
[BlackFideId "4113403"]
[EventDate "2015.05.10"]

1. d4 Nf6 2. c4 e6 3. Nf3 d5 4. Nc3 Nbd7 5. cxd5 exd5 6. Bg5 c6 7. e3 Be7 8. Nd2
O-O 9. Bd3 Re8 10. Qc2 Nf8 11. O-O Ng6 12. Rae1 Bd6 13. f4 h6 14. Bxf6 Qxf6 15.
Nf3 Nf8 16. Ne5 Qd8 17. e4 dxe4 18. Nxe4 Bc7 19. Qf2 Bb6 20. Nc5 Be6 21. f5 Bxa2
22. b4 a5 23. f6 g6 24. Ng4 Rxe1 25. Rxe1 h5 26. Nh6+ Kh7 27. Qxa2 Qxd4+ 28. Kh1
Kxh6 29. Qxf7 Bxc5 30. bxc5 Qxd3 31. h4 Ne6 32. Qxe6 Qg3 33. Qe7 Qxh4+ 34. Kg1
Qd4+ 35. Re3 a4 36. Kh2 Qf4+ 37. Rg3 Qh4+ 38. Rh3 Qf4+ 39. Rg3 Qh4+ 40. Rh3 Qf4+
41. Rg3 Qh4+ 42. Rh3 Qf4+ 1/2-1/2

[Event "TCh-RUS Blitz 2015"]
[Site "Sochi RUS"]
[Date "2015.05.10"]
[Round "9.14"]
[White "Inarkiev, Ernesto"]
[Black "Bocharov, Dmitry"]
[Result "1/2-1/2"]
[WhiteTitle "GM"]
[BlackTitle "GM"]
[WhiteElo "2664"]
[BlackElo "2577"]
[WhiteTeam "SHSM-Our Heritage-2 (Moscow)"]
[BlackTeam "Sibir (Novosibirsk)"]
[WhiteFideId "4162722"]
[BlackFideId "4138716"]
[EventDate "2015.05.10"]

1. d4 Nf6 2. c4 e6 3. Nf3 b6 4. g3 Ba6 5. b3 d5 6. cxd5 exd5 7. Bg2 Bb4+ 8. Bd2
Bd6 9. O-O O-O 10. Bg5 Nbd7 11. Nc3 h6 12. Bxf6 Nxf6 13. Ne5 Bb7 14. Nb5 Be7 15.
Rc1 a6 16. Nc3 Re8 17. e3 Bd6 18. Nd3 Qe7 19. Rc2 Rad8 20. Qc1 Ne4 21. Qb2 h5
22. Nf4 Ba3 23. Qa1 h4 24. Nxe4 dxe4 25. gxh4 Bd6 26. h5 Qh4 27. Qc1 Rd7 28. h3
Ree7 29. Re1 Bxf4 30. exf4 Qxh5 31. Qe3 Qd5 32. Rec1 Qd6 33. Rc4 Bd5 34. R4c2 a5
35. f5 Qf6 36. Qf4 c6 37. Rd2 Rd8 38. Qg4 e3 39. fxe3 Rxe3 40. Rf1 Rde8 41. Bxd5
cxd5 42. Rg2 R3e4 43. Qd1 Rxd4 44. Qc1 Rde4 45. Qg5 Qxg5 46. Rxg5 Re3 47. f6 g6
48. Rxd5 Rxh3 49. Kg2 Rh4 50. Rd6 b5 51. Rf2 Rhe4 52. Ra6 a4 53. Rb6 axb3 54.
axb3 R4e5 55. Rf4 Rd8 56. Rb4 g5 57. R4xb5 Rdd5 58. Rxd5 Rxd5 59. Kf3 Kh7 60.
Ke4 Rd1 61. Kf5 Kh6 62. Rb8 Rf1+ 63. Ke5 Re1+ 64. Kf5 Rf1+ 65. Ke5 g4 66. Rg8
Kh5 67. Rg7 Re1+ 68. Kf5 Rf1+ 69. Ke5 Re1+ 70. Kf5 Rf1+ 71. Ke5 Re1+ 72. Kf5
Rf1+ 73. Ke5 1/2-1/2

[Event "TCh-RUS Blitz 2015"]
[Site "Sochi RUS"]
[Date "2015.05.10"]
[Round "9.15"]
[White "Kokarev, Dmitry"]
[Black "Popov, Ivan RUS"]
[Result "1/2-1/2"]
[WhiteTitle "GM"]
[BlackTitle "GM"]
[WhiteElo "2635"]
[BlackElo "2648"]
[WhiteTeam "Sibir (Novosibirsk)"]
[BlackTeam "SHSM-Our Heritage-2 (Moscow)"]
[WhiteFideId "4132181"]
[BlackFideId "4170350"]
[EventDate "2015.05.10"]

1. g3 d5 2. Nf3 Nf6 3. Bg2 c5 4. O-O e6 5. d3 Nc6 6. Nbd2 Be7 7. e4 b6 8. Re1
Bb7 9. Qe2 Qc7 10. c3 h6 11. a4 O-O 12. Nf1 dxe4 13. dxe4 Na5 14. Bf4 Qc8 15.
Ne5 Nd7 16. Rad1 Nxe5 17. Bxe5 Nc6 18. Bf4 Rd8 19. Qh5 Rxd1 20. Rxd1 Qe8 21. h4
Rd8 22. Rxd8 Qxd8 23. Qg4 Kf8 24. Ne3 Na5 25. Qh5 Qd3 26. Qe5 Qd8 27. Ng4 Nc4
28. Qh5 Qd1+ 29. Kh2 Nxb2 30. Qe5 Qd8 31. Bxh6 f6 32. Qh5 gxh6 33. Qg6 Qe8 34.
Qxh6+ Kg8 35. e5 Bxg2 36. Nxf6+ Bxf6 37. exf6 Qf7 38. Kxg2 Nc4 39. Qf4 e5 40.
Qf5 Qd5+ 41. Kh2 Qf7 42. h5 e4 43. g4 Nd6 44. Qe5 Ne8 45. Qg5+ Kh7 46. Qf5+ Kg8
47. Qg5+ Kh7 48. Qf5+ Kg8 49. Qc8 Kh7 50. Qf5+ Kg8 51. Qg5+ Kh7 1/2-1/2

[Event "TCh-RUS Blitz 2015"]
[Site "Sochi RUS"]
[Date "2015.05.10"]
[Round "9.16"]
[White "Potkin, Vladimir"]
[Black "Maletin, Pavel"]
[Result "1-0"]
[WhiteTitle "GM"]
[BlackTitle "GM"]
[WhiteElo "2599"]
[BlackElo "2587"]
[WhiteTeam "SHSM-Our Heritage-2 (Moscow)"]
[BlackTeam "Sibir (Novosibirsk)"]
[WhiteFideId "4131061"]
[BlackFideId "4146786"]
[EventDate "2015.05.10"]

1. e4 c6 2. d4 d5 3. exd5 cxd5 4. c4 Nf6 5. Nc3 e6 6. Nf3 Bb4 7. cxd5 Nxd5 8.
Qc2 Nc6 9. Bd3 h6 10. O-O Nce7 11. Bb5+ Bd7 12. Bxd7+ Qxd7 13. Ne5 Qd8 14. Qa4+
Kf8 15. Bd2 Bd6 16. Rfe1 Kg8 17. Rac1 a6 18. Ne4 Bxe5 19. dxe5 Nc6 20. Nc5 Nde7
21. Be3 b5 22. Qe4 Qd5 23. Qxd5 Nxd5 24. Nxe6 Nxe5 25. Nc7 Nxe3 26. Nxa8 N3c4
27. b3 Kh7 28. bxc4 Nd3 29. Nb6 bxc4 30. Red1 1-0

[Event "TCh-RUS Blitz 2015"]
[Site "Sochi RUS"]
[Date "2015.05.10"]
[Round "9.17"]
[White "Chigaev, Maksim"]
[Black "Demidov, Mikhail"]
[Result "1/2-1/2"]
[WhiteTitle "IM"]
[BlackTitle "IM"]
[WhiteElo "2496"]
[BlackElo "2513"]
[WhiteTeam "SDYUSSHOR Hilti (St. Petersburg)"]
[BlackTeam "Boavista (Moscow)"]
[WhiteFideId "4108116"]
[BlackFideId "4197143"]
[EventDate "2015.05.10"]

1. f4 b6 2. e4 Bb7 3. Nc3 e6 4. Nf3 Bb4 5. Bd3 Na6 6. a3 Bxc3 7. dxc3 Nc5 8. Qe2
Ne7 9. b4 Nxd3+ 10. cxd3 O-O 11. c4 f5 12. O-O Ng6 13. g3 e5 14. Nxe5 Nxe5 15.
fxe5 fxe4 16. Rxf8+ Qxf8 17. d4 Qf7 18. Be3 Rf8 19. Rf1 Qe6 20. Rxf8+ Kxf8 21.
Bf4 h6 22. d5 Qf5 23. Qf1 Ke8 24. b5 c6 25. bxc6 dxc6 26. Qd1 e3 27. e6 cxd5 28.
cxd5 Qxd5 29. Qxd5 Bxd5 30. Bxe3 Bxe6 31. Bd4 Kf7 32. Kf2 g5 33. h4 Kg6 34. hxg5
Kxg5 35. Be3+ Kg6 36. Bf4 h5 37. Bb8 a6 1/2-1/2

[Event "TCh-RUS Blitz 2015"]
[Site "Sochi RUS"]
[Date "2015.05.10"]
[Round "9.18"]
[White "Vastrukhin, Oleg"]
[Black "Levin, Evgeny A."]
[Result "1-0"]
[BlackTitle "GM"]
[WhiteElo "2389"]
[BlackElo "2518"]
[WhiteTeam "Boavista (Moscow)"]
[BlackTeam "SDYUSSHOR Hilti (St. Petersburg)"]
[WhiteFideId "4192770"]
[BlackFideId "4182596"]
[EventDate "2015.05.10"]

1. Nf3 Nf6 2. g3 g6 3. Bg2 Bg7 4. O-O O-O 5. c4 d6 6. Nc3 Nc6 7. d3 e5 8. Rb1 a5
9. a3 Re8 10. e4 Bg4 11. h3 Bxf3 12. Qxf3 Nd4 13. Qd1 c6 14. Ne2 Nxe2+ 15. Qxe2
a4 16. Bd2 Nd7 17. Bc3 Nc5 18. Rbd1 Ne6 19. Kh2 h5 20. f4 h4 21. f5 hxg3+ 22.
Kxg3 Nf4 23. Qg4 Bf6 24. fxg6 fxg6 25. d4 Kg7 26. dxe5 Nh5+ 27. Qxh5 gxh5 28.
Rxf6 Kh7 29. Rdxd6 Rg8+ 30. Kh2 Rxg2+ 31. Kxg2 Qg8+ 32. Kf3 Rf8 33. Rd7+ Kh8 34.
e6 1-0

[Event "TCh-RUS Blitz 2015"]
[Site "Sochi RUS"]
[Date "2015.05.10"]
[Round "9.19"]
[White "Usmanov, Vasily"]
[Black "Pasiev, Rakhim"]
[Result "1-0"]
[WhiteTitle "IM"]
[BlackTitle "IM"]
[WhiteElo "2462"]
[BlackElo "2384"]
[WhiteTeam "SDYUSSHOR Hilti (St. Petersburg)"]
[BlackTeam "Boavista (Moscow)"]
[WhiteFideId "4135741"]
[BlackFideId "24122475"]
[EventDate "2015.05.10"]

1. b3 c5 2. Bb2 Nc6 3. g3 d5 4. Bg2 e5 5. c4 d4 6. d3 f5 7. e3 Nf6 8. exd4 cxd4
9. Nd2 a5 10. a3 Bd6 11. Nh3 O-O 12. O-O Qe8 13. f3 Qg6 14. Qc2 f4 15. g4 h5 16.
gxh5 Qxh5 17. Nf2 Ne7 18. Nde4 Bc7 19. h3 Nf5 20. Ng4 Ne3 21. Nxe3 fxe3 22. Kh2
Nh7 23. Rg1 Ng5 24. Nxg5 Qxg5 25. Kh1 Qh4 26. Raf1 e4 27. f4 Bxh3 28. Bxh3 Qxh3+
29. Qh2 Qxh2+ 30. Kxh2 exd3 31. Bxd4 e2 32. Rxg7+ Kh8 33. Rxc7+ 1-0

[Event "TCh-RUS Blitz 2015"]
[Site "Sochi RUS"]
[Date "2015.05.10"]
[Round "9.20"]
[White "Denishev, Marat"]
[Black "Palchun, Grigory"]
[Result "0-1"]
[WhiteElo "2275"]
[BlackElo "2288"]
[WhiteTeam "Boavista (Moscow)"]
[BlackTeam "SDYUSSHOR Hilti (St. Petersburg)"]
[WhiteFideId "24131563"]
[BlackFideId "24147338"]
[EventDate "2015.05.10"]

1. d4 Nf6 2. Nf3 e6 3. c4 Bb4+ 4. Bd2 Qe7 5. g3 Bxd2+ 6. Nbxd2 d6 7. Bg2 O-O 8.
O-O e5 9. dxe5 dxe5 10. Qc2 Nc6 11. e3 Bg4 12. Ne4 Nxe4 13. Qxe4 f5 14. Qd5+ Kh8
15. Qb5 e4 16. Nd4 Nxd4 17. exd4 c6 18. Qb3 Rfd8 19. h3 Be2 20. Rfe1 Bh5 21. g4
Bg6 22. gxf5 Bxf5 23. Qe3 Qh4 24. Kh2 Rf8 25. Qg3 Qf6 26. Rad1 Rad8 27. Qe3 Bg6
28. Rd2 Qh4 29. Qg3 Qh6 30. Rdd1 Rf4 31. d5 cxd5 32. cxd5 Rf7 33. Bxe4 Bxe4 34.
Rxe4 Qb6 35. Re2 Rfd7 36. Qe5 h6 37. Red2 Rd6 38. b3 Qc7 39. Kh1 Qf7 40. Qe4 Qh5
41. Kh2 Qg5 42. Rd4 Qf6 43. R1d2 Qg5 44. Qg4 Qe5+ 45. Qg3 Qf6 46. Rf4 Qe7 47.
Qf3 Qe5 48. Kh1 Qe1+ 49. Kg2 Rg6+ 50. Rg4 0-1

[Event "TCh-RUS Blitz 2015"]
[Site "Sochi RUS"]
[Date "2015.05.10"]
[Round "9.21"]
[White "Skomorokhin, Roman"]
[Black "Bocharov, Ivan"]
[Result "0-1"]
[WhiteTitle "IM"]
[BlackTitle "FM"]
[WhiteElo "2381"]
[BlackElo "2489"]
[WhiteTeam "SK Volga (Kstovo)"]
[BlackTeam "56 parallel (Krasnoyarsk)"]
[WhiteFideId "4112610"]
[BlackFideId "4180887"]
[EventDate "2015.05.10"]

1. d4 f5 2. g3 Nf6 3. Bg2 g6 4. Nf3 Bg7 5. b3 O-O 6. Bb2 Ne4 7. Nfd2 d5 8. O-O
c5 9. e3 Nc6 10. Nf3 b6 11. c4 Ba6 12. Na3 Rc8 13. Rc1 Na5 14. Ne5 Bxe5 15. dxe5
dxc4 16. Bxe4 fxe4 17. Nxc4 Nxc4 18. bxc4 Qxd1 19. Rfxd1 Rfd8 20. e6 Rd3 21.
Rxd3 exd3 22. Kg2 Bxc4 23. a3 Bxe6 24. e4 Rd8 25. Kf3 d2 0-1

[Event "TCh-RUS Blitz 2015"]
[Site "Sochi RUS"]
[Date "2015.05.10"]
[Round "9.22"]
[White "Kiriakov, Petr"]
[Black "Skomorokhin, Vadim"]
[Result "1-0"]
[WhiteTitle "GM"]
[BlackTitle "FM"]
[WhiteElo "2535"]
[BlackElo "2342"]
[WhiteTeam "56 parallel (Krasnoyarsk)"]
[BlackTeam "SK Volga (Kstovo)"]
[WhiteFideId "4119231"]
[BlackFideId "4119835"]
[EventDate "2015.05.10"]

1. d4 Nf6 2. c4 a6 3. Nc3 c5 4. d5 b5 5. cxb5 axb5 6. Nxb5 Qa5+ 7. Nc3 Bb7 8.
Bd2 Qb6 9. e4 e6 10. Bc4 Nxe4 11. Nf3 Nxd2 12. Qxd2 Be7 13. O-O O-O 14. Rfe1 Ba6
15. Bxa6 Nxa6 16. Ne5 Qb7 17. Nc4 Nb4 18. d6 Bf6 19. a3 Bxc3 20. bxc3 Nd5 21.
Ne5 c4 22. Nxc4 Qa6 23. Ne5 Ra7 24. c4 Nb6 25. Qd4 f6 26. Nd3 Nxc4 27. Nc5 Qc6
28. Nxe6 dxe6 29. Qxa7 Qxd6 30. Red1 Qe5 31. Qd4 Qb5 32. a4 Qa6 33. Rdc1 Ne5 34.
Rd1 h6 35. Qd6 Qc4 36. Qd4 Qa6 37. a5 Ra8 38. Qb6 Qc4 39. Rd8+ Rxd8 40. Qxd8+
Kh7 41. a6 Nc6 42. Qd1 Qc5 43. Qc1 Qb6 44. Qb1+ 1-0

[Event "TCh-RUS Blitz 2015"]
[Site "Sochi RUS"]
[Date "2015.05.10"]
[Round "9.23"]
[White "Talanin, Andrei"]
[Black "Zablotsky, Sergei"]
[Result "0-1"]
[BlackTitle "GM"]
[WhiteElo "2279"]
[BlackElo "2525"]
[WhiteTeam "SK Volga (Kstovo)"]
[BlackTeam "56 parallel (Krasnoyarsk)"]
[WhiteFideId "4117387"]
[BlackFideId "4131606"]
[EventDate "2015.05.10"]

1. d4 d6 2. Nf3 Nf6 3. g3 g6 4. Bg2 Bg7 5. O-O O-O 6. c4 Bf5 7. Nc3 Ne4 8. Nh4
Nxc3 9. bxc3 Bc8 10. e4 c5 11. Be3 Qc7 12. Qd3 Nc6 13. Nf3 b6 14. d5 Na5 15. Nd2
Ba6 16. f4 Qd7 17. Rf2 Qa4 18. Bf1 Rad8 19. h4 e6 20. h5 exd5 21. exd5 Rfe8 22.
f5 Nxc4 23. fxg6 fxg6 24. Bg5 Nxd2 25. Qxd2 Rd7 26. hxg6 hxg6 27. Bh3 Bc4 28.
Rf4 Rf7 29. Rxf7 Kxf7 30. Be6+ Rxe6 31. dxe6+ Kxe6 32. Rd1 Be5 33. Bf4 Qxa2 34.
Qe3 Qe2 35. Qxe2 Bxe2 36. Bxe5 Bxd1 37. Bf4 d5 38. Kf2 d4 39. cxd4 cxd4 40. Bb8
a5 41. Ba7 Kd5 42. Bxb6 a4 0-1

[Event "TCh-RUS Blitz 2015"]
[Site "Sochi RUS"]
[Date "2015.05.10"]
[Round "9.24"]
[White "Mikhel, Vladislav"]
[Black "Shumilina, Alexandra"]
[Result "0-1"]
[WhiteTitle "FM"]
[BlackTitle "WIM"]
[WhiteElo "2347"]
[BlackElo "2238"]
[WhiteTeam "56 parallel (Krasnoyarsk)"]
[BlackTeam "SK Volga (Kstovo)"]
[WhiteFideId "4140435"]
[BlackFideId "4165810"]
[EventDate "2015.05.10"]

1. e4 c5 2. Nf3 d6 3. d4 cxd4 4. Nxd4 Nf6 5. Nc3 a6 6. Bg5 e6 7. f4 h6 8. Bxf6
Qxf6 9. Nde2 Qd8 10. Qd2 Be7 11. g3 b5 12. Bg2 Bb7 13. O-O O-O 14. g4 Nd7 15.
Ng3 Qb6+ 16. Kh1 Nc5 17. g5 hxg5 18. fxg5 g6 19. a3 a5 20. h4 b4 21. axb4 axb4
22. Rxa8 Bxa8 23. Nce2 b3 24. c3 e5 25. Qe3 Qb5 26. Qf3 Qd3 27. Qg4 d5 28. exd5
Bxd5 29. h5 Bxg2+ 30. Kxg2 Qd5+ 31. Kh2 Nd3 32. c4 Qc6 33. Ne4 Qc8 34. Qg3 Qxc4
35. Nf6+ Bxf6 36. gxf6 Qe4 37. Nc3 Qc4 38. hxg6 Nf4 39. gxf7+ Kxf7 40. Qg7+ Ke6
41. Qe7+ Kf5 42. Nd5 Rh8+ 43. Kg1 Rg8+ 44. Qg7 Rxg7+ 45. fxg7 Qxd5 0-1

[Event "TCh-RUS Blitz 2015"]
[Site "Sochi RUS"]
[Date "2015.05.10"]
[Round "9.25"]
[White "Reshetnikov, Alexey"]
[Black "Potapov, Pavel"]
[Result "1-0"]
[WhiteTitle "IM"]
[BlackTitle "IM"]
[WhiteElo "2498"]
[BlackElo "2477"]
[WhiteTeam "Our heritage junior (Moscow)"]
[BlackTeam "Yamal (YaNAO)"]
[WhiteFideId "4162080"]
[BlackFideId "4169786"]
[EventDate "2015.05.10"]

1. Nf3 f5 2. c4 Nf6 3. d4 g6 4. g3 Bg7 5. Bg2 O-O 6. O-O d6 7. Nc3 c6 8. b4 e5
9. dxe5 dxe5 10. Qb3 Qc7 11. c5+ Kh8 12. e4 a5 13. exf5 Bxf5 14. Re1 axb4 15.
Na4 Nbd7 16. Qxb4 Nd5 17. Qh4 e4 18. Ng5 N5f6 19. Bf4 Qd8 20. Nc3 Nxc5 21. Rad1
Nd3 22. Ncxe4 Bxe4 23. Rxe4 Nh5 24. Be3 Ra5 25. Ne6 Qxh4 26. Rxh4 Nb2 27. Rd7
Re8 28. Nxg7 Nxg7 29. Bd4 Re1+ 30. Bf1 1-0